000 00625nam a2200229Ia 4500
003 OSt
005 20220926011827.0
006 a|||||r|||| 00| 0
007 ta
008 220923b |||||||| |||| 00| 0 eng d
037 _cGeneral Book
040 _aRTL
_cRTL
_beng
041 _2eng
_aeng
082 _aXM5:9, L9
100 _aRoxe Linda A
_9315008
245 0 _aPersonal management for the smaller company
_b A han
260 _aNew York
_bAMACOM
_c1979
300 _a246p
_ccm.
650 _aJoint Stock Company
942 _hXM5:9, L9
_cGB
_2CC
999 _c621063
_d621063